000 00774nam a22002651 4500
001 2638453
003 ARRUPE
005 20150109112911.0
008 730529s1959 nyua 000 0 eng
010 _a 58008847
040 _aDLC
_cDLC
_dDLC
050 0 0 _aQC173
_b.L48
082 0 0 _a530.1
100 1 _aLeighton, Robert B.
_913629
245 0 0 _aPrinciples of modern physics.
260 _aNew York,
_bMcGraw-Hill
_c[1959]
300 _a795 p.
_billus.
_c24 cm.
490 0 _aInternational series in pure and applied physics
650 0 _aNuclear physics.
_913630
650 0 _aMatter
_xProperties.
_913631
650 0 _aRelativity (Physics)
_910646
740 _aModern physics.
906 _a7
_bcbc
_corignew
_du
_eocip
_f19
_gy-gencatlg
942 _2lcc
_cMONOGRAPH
999 _c121559
_d121559